| 000 | 00373nam a2200145Ia 4500 | ||
|---|---|---|---|
| 008 | 240624s9999 xx 000 0 und d | ||
| 041 | _aeng | ||
| 082 | _a174.4 CRA | ||
| 100 | _aCRANE ANDREW | ||
| 245 | _aNEW DIRECTIONS IN BUSINESS ETHICS | ||
| 260 |
_c2012 _aLondon _bSage Publication |
||
| 300 | _axxviii, 383 p.; 24 cm. , p. , cm. | ||
| 365 |
_cBPS _b38 |
||
| 440 | _v2 | ||
| 999 |
_c30989 _d30989 |
||